Estudio diagnóstico debate: desequilibrios regionales y crecimiento acelerado

Guardat en:
Dades bibliogràfiques
Autor principal: Inch, Bernardo
Format: Text
Publicat: La Paz: ILDIS
Etiquetes: Afegir etiqueta
Sense etiquetes, Sigues el primer a etiquetar aquest registre!

MARC

LEADER 00000 a a2200000 04500
001 24271
003
040
090 |a 166300  
100 |a Inch, Bernardo  
245 |a Estudio diagnóstico debate: desequilibrios regionales y crecimiento acelerado  
260 |a La Paz:   |b ILDIS  
300 |a 108 p   |b **no definido**   |b fonodiscos  
999 |c 11951  |d 11951